1349 1510 1231 1860 1146 1275 1430 1212 1832 1389 1505 1453 1975 1913 1655 1251 1771 1506 1135 1855 1542 1874 1437 1389 1601 1848 1450 1187 1379 1423 1358 1037 1436 1130 1910 1853 1114 1423 1812 1821 1591 1519 1968 1464 1807 1381 1562 1292 1962 1569 1406 1322 1147 1071 1558 1373 1559 1189 1597 1874 1541 1568 1673 1101 1281 1506 1092 1208 1574 1200 1171 1281 1464 1257 1124 1465 1387 1769 1893 1695 1541 1862 1028 1874 1349 1735 1647 1251 1486 1172 1641 1276 1670 1087 1916 1736 1983 1090 1667 BCNSPRNW ULIB Ver.6.0+V

เปลี่ยนเป็นภาษาไทย

Change to English
 แสดงรายละเอียดบรรณานุกรม
  กลับหน้าหลัก

Brief Record : Get Marc (ISO 2709) : E-mail record : QR code < ปิดหน้าต่าง
LEADER : 00000nam 2200000uu 4500
001    13399126209
003     ULIB
008    180726s2017||||th 000 0 tha d
020    ^a9781496362247
060    ^aQV4^bK18F
100    ^aAmy M. Karch.
245    ^aFocus on Nursing Pharmacology
250    ^a7th ed
260    ^aPhiladelphia :^bWolters Kluwer,^c2017
300    ^a1106 pages;^b30 cm
650    ^aPharmaceutical Preparations
650  0 ^aDrug Therapy
945    ^p0^l0^i26426
999    ^aกัณชพร จุลอักษร
รายการนี้ยังไม่มีแท็ก
คุณยังไม่ได้ล็อกอิน คุณสามารถมีกิจกรรมร่วมกับเว็บไซต์ได้ แต่ต้องล็อกอินก่อน ::
  ล็อกอิน

รายการสื่อสารสนเทศ

ลำดับที่ ประเภท เลขเรียก/บาร์โค้ด สถานที่ สถานะ
1. วิทยาศาสตร์การแพทย์ และสุขภาพ
วิทยาศาสตร์การแพทย์ และสุขภาพ
QV4 K18F ฉ.1 
  Barcode: 26426
ห้องสมุดวิทยาเขตนครสวรรค์
►หนังสือทั่วไป:l:General Books
บนชั้น

รายการใกล้เคียง
    ชื่อเรื่อง [Focus on Nursing Pharmacology]

    ผู้แต่ง [Amy M. Karch.]

    หัวเรื่อง [Pharmaceutical Preparations]
    หัวเรื่อง [Drug Therapy]

BibComment


ยังไม่เคยถูกคอมเมนท์

คอมเมนท์ทรัพยากรรายการนี้
  คอมเมนท์: Focus on Nursing..


 Copyright 2026. Bcnsprnw @Library